000 00616nam a2200193 a 4500
003 PILC
005 20150916085204.0
008 080812s 000 0 eng d
020 _a9719143231
050 0 0 _aHD 31
_b.M567 2002
100 1 _aMiranda, Gregorio S.
245 1 0 _aManagement :
_bprinciples & practices /
_cby Gregorio S. Miranda and Carmelita M. Miranda-Gow.
250 _aUpdated edition, 2002.
260 _aManila :
_bL & G. Business House,
_c2002.
300 _axiv, 381 pages :
_billustrations ;
_c23 cm.
650 0 _aManagement.
700 1 _aGow, Carmelita M. Miranda.
942 _2lcc
_cBK
_kLOC
999 _c288675
_d288675